Countries of Europe Scramble - Statistics

General Stats
  • This quiz has been taken 30 times
  • The average score is 17 of 20
Answer Stats
Answer % Correct
Albania
100%
Austria
100%
Belgium
100%
Denmark
100%
Finland
100%
France
100%
Germany
100%
Iceland
100%
Kosovo
100%
Lithuania
100%
North Macedonia
100%
Portugal
100%
San Marino
100%
Slovenia
100%
UK
100%
Bulgaria
75%
Latvia
75%
Malta
75%
Monaco
75%
Norway
75%
Cyprus
67%
Czech
67%
Estonia
67%
Italy
67%
Luxembourg
67%
Belerus
50%
Ireland
50%
Montenegro
50%
Poland
50%
Romania
50%
Spain
50%
Switzerland
50%
Bosnia
0%
Greece
0%
Hungary
0%
Liechtenstein
0%
Moldova
0%
Netherlands
0%
Serbia
0%
Slovakia
0%
Sweden
0%
Ukraine
0%
Vatican
0%
No matching quizzes found
Score Distribution
Percent of People with Each Score
Percentile by Number Answered
Your Score History
You have not taken this quiz